000 00438nam a2200157Ia 4500
008 220216s9999 xx 000 0 und d
100 _aRao Prem Prasada
245 0 _aNew packing for industrial pollution control system
260 _bRubber International Magazine
_c2003
300 _a88-89,93
650 _aEco-efficiency tip
650 _aEPI system
650 _aIndustrial pollution
650 _aPollution control
942 _cJS
999 _c63865
_d63865